Escritos sobre la literatura y el arte / (Record no. 90507)
[ view plain ]
| 000 -LEADER | |
|---|---|
| campo de control de longitud fija | 00733nam a2200205 i 4500 |
| 001 - NÚMERO DE CONTROL | |
| campo de control | 90507 |
| 003 - IDENTIFICADOR DE NÚMERO DE CONTROL | |
| campo de control | ES-MaACL |
| 005 - FECHA Y HORA DE LA ÚLTIMA TRANSACCIÓN | |
| campo de control | 20250910213328.0 |
| 007 - CAMPO FIJO DE DESCRIPCIÓN FÍSICA--INFORMACIÓN GENERAL | |
| campo de control de longitud fija | t| |
| 008 - DATOS DE LONGITUD FIJA--INFORMACIÓN GENERAL | |
| campo de control de longitud fija | 050121s1975 sp ||||1| spa d |
| 100 1# - ENTRADA PRINCIPAL--NOMBRE DE PERSONA | |
| Nombre de persona | Lenin, Vladimir Il'ich, |
| Fechas asociadas al nombre | 1870-1924 |
| 9 (RLIN) | 71523 |
| 245 10 - MENCIÓN DEL TÍTULO | |
| Título | Escritos sobre la literatura y el arte / |
| Mención de responsabilidad, etc. | Vladimir Illicht Lenin ; selección y prólogo de Jean Freville ; [versión Jaume Fuster y María Antonia Oliver]. |
| 260 ## - PUBLICACIÓN, DISTRIBUCIÓN, ETC. | |
| Lugar de publicación, distribución, etc. | Barcelona : |
| Nombre del editor, distribuidor, etc. | Península, |
| Fecha de publicación, distribución, etc. | 1975. |
| 300 ## - DESCRIPCIÓN FÍSICA | |
| Extensión | 230 p. ; |
| Dimensiones | 19 cm. |
| 700 1# - ENTRADA AGREGADA--NOMBRE PERSONAL | |
| Nombre de persona | Freville, Jean. |
| 9 (RLIN) | 52559 |
| 700 1# - ENTRADA AGREGADA--NOMBRE PERSONAL | |
| Nombre de persona | Oliver, María Antonia. |
| 9 (RLIN) | 86823 |
| 700 1# - ENTRADA AGREGADA--NOMBRE PERSONAL | |
| Nombre de persona | Fuster, Jaume, |
| Fechas asociadas al nombre | 1945-1998 |
| 9 (RLIN) | 53081 |
| 852 ## - LOCALIZACIÓN | |
| Ubicación | ES-MaACL |
| Número de control de estantería | E-10047 |
| Sublocalización o colección | R.93940 |
| Estatus retirado | Estado de pérdida | Estado de daño | No para préstamo | Biblioteca de origen | Biblioteca actual | Ubicación en estantería | Fecha de adquisición | Fuente de adquisición | Total de préstamos | Signatura topográfica completa | Código de barras | Visto por última vez | Precio de reemplazo | Tipo de ítem Koha |
|---|---|---|---|---|---|---|---|---|---|---|---|---|---|---|
| Biblioteca del Ateneo de Madrid | Biblioteca del Ateneo de Madrid | Depósito 2 | 17/01/2008 | E-10047 | 1094509 | 23/02/2023 | 23/02/2023 | Libro impreso |
